Agglomerationen - Deutschsprachiger Raum - Statistiken

Allgemein
  • Dieses Quiz wurde 122 mal gespielt
  • Das Durchschnittsergebnis liegt bei 10 aus 11
Antwortstatistiken
Hint Antwort % Korrekt
4,83 Mio. Berlin / Deutschland
99%
4,9 Mio. Köln-Düsseldorf / Deutschland
99%
2,9 Mio. München / Deutschland
99%
2,85 Mio. Hamburg / Deutschland
97%
2,8 Mio. Frankfurt am Main / Deutschland
92%
2,3 Mio. Stuttgart / Deutschland
91%
5,6 Mio. Ruhrgebiet / Deutschland
83%
1,18 Mio. Hannover / Deutschland
82%
2,97 Mio. Wien / Österreich
76%
1,4 Mio. Nürnberg / Deutschland
74%
1,45 Mio. Zürich / Schweiz
70%
Keine übereinstimmenden Quizze gefunden
Verteilung der Resultate
Anzahl Personen mit jedem Resultat
Perzentil nach korrekt beantworteten Fragen
Ihre Resultats-Entwicklung
Sie haben dieses Quiz noch nicht gespielt